Top 100 Franzosen mit den meisten Bundesliga-Einsätzen - Statistiken

Allgemein
  • Dieses Quiz wurde 144 mal gespielt
  • Das Durchschnittsergebnis liegt bei 23 aus 100
Antwortstatistiken
Einsätze Position Vereine Spieler % Korrekt
273 Mittelfeld FC Bayern Franck Ribery
93%
194 Abwehr RB Leipzig, FC Bayern Dayot Upamecano
88%
199 Sturm FC Bayern Kingsley Coman
85%
209 Sturm Hoffenheim, Köln, Dortmund Anthony Modeste
79%
174 Abwehr Stuttgart, FC Bayern Benjamin Pavard
77%
111 Sturm Mönchengladbach Marcus Thuram
73%
74 Abwehr FC Bayern Lucas Hernandez
72%
179 Sturm Mönchengladbach Alassane Plea
70%
119 Sturm RB Leipzig Christopher Nkunku
62%
184 Abwehr FC Bayern Willy Sagnol
62%
183 Abwehr FC Bayern Bixente Lizarazu
61%
72 Mittelfeld FC Bayern Corentin Tolisso
61%
299 Mittelfeld Freiburg, Augsburg, Hoffenheim Jonathan Schmid
55%
66 Abwehr RB Leipzig Ibrahima Konate
54%
111 Abwehr Wolfsburg Maxence Lacroix
50%
60 Mittelfeld Stuttgart Enzo Millot
49%
112 Mittelfeld Hertha, Union Berlin Lucas Tousart
48%
103 Abwehr Dortmund, Stuttgart Dan-Axel Zagadou
47%
123 Mittelfeld Bremen Johan Micoud
47%
84 Abwehr RB Leipzig Mohamed Simakan
47%
34 Sturm Frankfurt Randal Kolo Muani
44%
218 Mittelfeld Wolfsburg, Mainz Josuha Guilavogui
43%
125 Angriff Leverkusen Moussa Diaby
43%
52 Sturm FC Bayern Mathys Tel
41%
79 Mittelfeld Mönchengladbach Manu Kone
40%
32 Angriff Dortmund Ousmane Dembele
39%
95 Mittelfeld Bochum Anthony Losilla
35%
105 Mittelfeld Schalke Benjamin Stambouli
34%
185 Abwehr Stuttgart, Hoffenheim Matthieu Delpierre
34%
100 Abwehr RB Leipzig Nordi Mukiele
33%
46 Mittelfeld Mönchengladbach, FC Bayern Michael Cuisance
32%
32 Abwehr RB Leipzig Castello Lukeba
31%
43 Sturm Mainz Ludovic Ajorque
31%
67 Sturm Mainz Jean-Philippe Mateta
28%
14 Sturm Frankfurt Hugo Ekitike
26%
113 Abwehr Bremen, Bayern, Hannover Valerien Ismael
26%
62 Abwehr Mainz Anthony Caci
25%
42 Sturm RB Leipzig Jean-Kevin Augustin
24%
31 Mittelfeld Freiburg Baptiste Santamaria
22%
32 Mittelfeld Mönchengladbach Franck Honorat
22%
6 Abwehr RB Leipzig El Chadaille Bitshiabu
21%
66 Sturm Stuttgart Tanguy Coulibaly
21%
57 Sturm Hoffenheim Georginio Rutter
19%
50 Mittelfeld Frankfurt Junior Dina Ebimbe
19%
27 Sturm FC Bayern Jean-Pierre Papin
17%
30 Abwehr Hoffenheim Stanley Nsoki
15%
23 Abwehr FC Bayern Tanguy Nianzou
15%
52 Sturm Mönchengladbach Nathan Ngoumou
14%
29 Abwehr Frankfurt Niels Nkounkou
14%
61 Abwehr Freiburg Kiliann Sildillia
13%
12 Mittelfeld Köln Vincent Koziello
12%
8 Mittelfeld Frankfurt Jean-Matteo Bahoya
11%
52 Sturm Freiburg, Rostock Regis Dorn
11%
55 Mittelfeld Kaiserslautern Youri Djorkaeff
11%
22 Abwehr Stuttgart Anthony Rouault
10%
23 Sturm Bielefeld Bryan Lasme
10%
20 Abwehr Freiburg Jordy Makengo
10%
25 Torwart Dortmund Guillaume Warmuz
9%
6 Mittelfeld Bremen Skelly Alvero
9%
20 Mittelfeld Hannover Gaetan Krebs
8%
16 Mittelfed Mainz Angelo Fulgini
7%
73 Abwehr Bochum Marc Pfertzel
7%
24 Mittelfeld Hertha Matteo Guendouzi
6%
27 Abwehr Bremen Mikael Silvestre
6%
26 Mittelfeld Stuttgart Naouirou Ahamada
6%
4 Mittelfeld Dortmund Damien Le Tallec
5%
39 Abwehr Ingolstadt Romain Bregerie
5%
34 Torwart Freiburg Simon Pouplin
5%
16 Sturm Hannover Allan Saint-Maximin
4%
13 Sturm Augsburg Irvin Cardona
4%
8 Abwehr Schalke Jean-Clair Todibo
4%
29 Sturm Hannover Jimmy Briand
4%
3 Sturm Augsburg Nathanael Mbuku
4%
11 Abwehr Wolfsburg Nicolas Cozza
4%
14 Mittelfeld Freiburg Yoric Ravet
4%
89 Sturm Rostock, Freiburg Abder Ramdane
3%
59 Mittelfeld Stuttgart Didier Six
3%
75 Abwehr Köln Fabrice Ehret
3%
9 Mittelfeld Schalke Florent Mollet
3%
28 Abwehr Mainz Gaetan Bussmann
3%
149 Mittelfeld Stuttgart Gilbert Gress
3%
16 Mittelfeld Freiburg Francis Coquelin
2%
20 Abwehr Mönchengladbach Jean-Sebastien Jaures
2%
5 Sturm Köln Lillian Laslandes
2%
3 Abwehr Schalke Nicolas Plestan
2%
8 Abwehr Mainz Ronael Pierre-Gabriel
2%
21 Sturm Wolfsburg Steve Marlet
2%
13 Sturm Stuttgart Alexis Tibidi
1%
3 Sturm Karlsruhe David Zitelli
1%
36 Abwehr Mönchengladbach Hubert Fournier
1%
9 Torwart Karlsruhe Jean-Francois Kornetzky
1%
61 Mittelfeld Karlsruhe Marc Keller
1%
16 Abwehr Kaiserslautern Mathieu Beda
1%
23 Abwehr Cottbus Christian Bassila
0%
28 Mittelfeld Karlsruhe Gerard Hausser
0%
10 Abwehr Nürnberg Jacques Abardonado
0%
37 Mittelfeld Freiburg Jonathan Jäger
0%
17 Sturm Saarbrücken Marc Berdoll
0%
7 Abwehr Duisburg Olivier Veigenau
0%
9 Abwehr Bochum Patrick Guillou
0%
Keine übereinstimmenden Quizze gefunden
Verteilung der Resultate
Anzahl Personen mit jedem Resultat
Perzentil nach korrekt beantworteten Fragen
Ihre Resultats-Entwicklung
Sie haben dieses Quiz noch nicht gespielt